000 01712cam a2200289Ia 4500
003 data
005 20260322212032.0
008 data
020 _a9780547237466
020 _a0547237464
040 _aBTCTA
_beng
_cBTCTA
_dJRN
_dZGX
_dRLS
_dBWX
_dHSA
_dHBP
_dJRN
050 4 _aPS3550
092 _a813 B464 2010
245 0 4 _aThe best American mystery stories 2010 /
_cedited by Lee Child & Otto Penzler.
260 _aBoston :
_bHoughton Mifflin Harcourt,
_cc2010.
300 _axiv, 402 p. ;
_c21 cm.
490 1 _aBest American series.
500 _a"A Mariner book"-- T.p.
505 0 0 _tBlood and dirt /
_rRyan Zimmerman.
_tCharlie and the pirates /
_rGary Alexander --
_gThe
_tEmerald Coast /
_rR. A. Allen --
_gAn
_tearly Christmas /
_rDoug Allyn --
_tMaynard /
_rMary Stewart Atwell --
_tDredge /
_rMatt Bell --
_gA
_tjury of his peers /
_rJay Brandon --
_tDesigner justice /
_rPhyllis Cohen --
_gThe
_tcross-eyed bear /
_rJohn Dufresne --
_gThe
_tcase of Colonel Warburton's madness /
_rLyndsay Faye --
_gThe
_tfirst rule is /
_rGar Anthony Haywood --
_tKilling time /
_rJon Land --
_tAnimal rescue /
_rDennis Lehane --
_tTell me /
_rLynda Leidiger --
_gThe
_thouse on Pine Terrace /
_rPhillip Margolin --
_tBias /
_rChris Muessig --
_tBismarck rules /
_rAlbert Tucher --
_tEd Luby's key club /
_rKurt Vonnegut --
_tCustom sets /
_rJoseph Wallace --
_gThe
_tshipbreaker /
_rMike Wiecek --
_tBlood and dirt /
_rRyan Zimmerman.
520 _aLee Child selects a variety of works of American mystery writing as the best of the genre from the year 2010.
650 0 _aDetective and mystery stories, American.
650 0 _aShort stories, American.
700 1 _aChild, Lee.
700 1 _aPenzler, Otto.
830 0 _aBest American series.
001 data
999 _c732
_d732